Cambridge guide to second language teacher education (Record no. 1394205)

MARC details
000 -LEADER
fixed length control field 00647nam a2200217Ia 4500
005 - DATE AND TIME OF LATEST TRANSACTION
control field 20250508165258.0
008 - FIXED-LENGTH DATA ELEMENTS--GENERAL INFORMATION
fixed length control field 008 250505s9999 xx 000 0 eng d
020 ## - INTERNATIONAL STANDARD BOOK NUMBER
International Standard Book Number 0-8264-4787-2
037 ## - SOURCE OF ACQUISITION
Stock number TextBook
040 ## - CATALOGING SOURCE
Original cataloging agency FEDL
Language of cataloging eng
Transcribing agency FEDL
041 ## - LANGUAGE CODE
Language code of text/sound track or separate title eng
Source of code eng
084 ## - COLON CLASSIFICATION NUMBER
Classification number 418.007, BUR/R
Assigning agency FEDL
100 ## - MAIN ENTRY--PERSONAL NAME
Personal name Burns Anne Ed.
9 (RLIN) 776499
245 #0 - TITLE STATEMENT
Title Cambridge guide to second language teacher education
260 ## - PUBLICATION, DISTRIBUTION, ETC.
Place of publication, distribution, etc. New Delhi, India
Name of publisher, distributor, etc. Cambridge University Press
Date of publication, distribution, etc. 2009
300 ## - PHYSICAL DESCRIPTION
Extent viii, 325p.
365 ## - TRADE PRICE
Price type code INR
Price amount 450
700 ## - ADDED ENTRY--PERSONAL NAME
Personal name Richards Jack C Ed.
9 (RLIN) 780376
942 ## - ADDED ENTRY ELEMENTS (KOHA)
Koha item type Textbook
Classification part 418.007, BUR/R
Holdings
Withdrawn status Lost status Damaged status Not for loan Home library Current library Date acquired Cost, normal purchase price Total Checkouts Full call number Barcode Date last seen Price effective from Koha item type
        Department of Education Library Department of Education Library 2025-05-08 450.00   418.007, BUR/R EL0087844 2025-05-08 2025-05-08 Textbook
Copyright @ Delhi University Library System